| 000 | 02303nam0a2200397 4500 | ||
|---|---|---|---|
| 001 | RU\NLR\BIBL_A\022669308 | ||
| 005 | 20260129142051.0 | ||
| 010 |
_a978-5-215-03838-3 _9500 |
||
| 021 |
_aRU _bКН-П-25-060931 _9КН-П-25-5873 |
||
| 035 | _a(NLR Aleph) 022669308 | ||
| 090 |
_a13539617 _c13539617 |
||
| 100 | _a20251120d2024 k y0rusy50 ca | ||
| 101 | 0 | _arus | |
| 102 | _aRU | ||
| 105 | _ay z 000zy | ||
| 181 | 0 |
_ai4 _baxxe |
|
| 182 | 0 | _an | |
| 200 | 1 |
_aЗолотой рубль - финансовая база чуда роста экономики, благосостояния и безопасности суверенной державы _eэкономическая политика идеологии справедливости с перспективой современного Золотого века _fВ.И. Глотов, П.В. Горюнов, В.П. Горюнов |
|
| 203 |
_aТекст _bвизуальный _cнепосредственный |
||
| 210 |
_aМосква _cГУУ _d2024 |
||
| 215 |
_a303 с. _d27 |
||
| 300 | _aВ вып. дан. авт.: Глотов Владимир Иванович, канд. экон. наук, проф., акад. РАЕН, Горюнов Павел Васильевич, д-р экон. наук, проф., Горюнов Василий Павлович, канд. экон. наук | ||
| 320 | _aБиблиогр.: с. 292-302 (77 назв.) | ||
| 606 | 1 |
_aЗолотой стандарт _2nlr_sh1 _2nlr_sh2 _3RU\NLR\AUTH\66343526 |
|
| 606 | 1 |
_aЗолото-валютные резервы _2nlr_sh1 _2nlr_sh2 _3RU\NLR\AUTH\661283349 |
|
| 606 | 1 |
_aДенежное обращение _xИстория _2nlr_sh2 _3RU\NLR\AUTH\661493018 |
|
| 606 | 1 |
_aФинансовая политика _yРоссийская Федерация _2nlr_sh1 _2nlr_sh2 _3RU\NLR\AUTH\661353646 |
|
| 686 | 1 | _aУ26(0)26 | |
| 686 | 1 | _aУ26(2)26(2Р) | |
| 700 | 1 |
_aГлотов _bВ. И. _cканд. экон. наук _f1955- _gВладимир Иванович _3RU\NLR\AUTH\770188327 |
|
| 701 | 1 |
_aГорюнов _bП. В. _gПавел Васильевич |
|
| 701 | 1 |
_aГорюнов _bВ. П. _gВасилий Павлович |
|
| 942 | _cBOOK | ||
| 980 | _aNB | ||